00562 a2200169 4500010002400000020002300024035002300047037001500070037001900085082001400104100001800118245007000136260004500206270006200251300002900313500005000342 aENG-88484 B-430946 a0195679296c695.00 aEN-72017 B-430946 bDBAD / PUB bAllied Pub/Ven14a320.954411 aMasselos, Jim1 aThe city in action:cby Jim MasselosbBombay struggles for power/ aNew DelhibOxford University Pressc2007 aYMCA Library Building, Jai Singh RoadbNew Delhie110 001 aviii, 414p.c22cm (Hb ) aIncludes bibliographical references and index